000 00244nam a2200085Ia 4500
008 160329s9999 xx 000 0 und d
245 _aSociety of Professional Journalists
650 _aMass Communication.
856 _uhttps://www.spj.org/index.asp
999 _c292912
_d292912